000 00665nam a2200181Ia 4500
008 090201s9999 xx 000 0 und d
010 _aKPL-67601
040 _bमराठी
041 _aमराठी
082 _a45020
_b67601
100 _aअनु: जी ए कुलकर्णी रिक्टर कॉनराड
245 _aरानातील प्रकाश
_cअनु: जी ए कुलकर्णी रिक्टर कॉनराड
250 _a2
260 _c2005
_bऊर्जा प्रकाशन
300 _a125
_bमोठा
600 _aरानातील प्रकाश
942 _cBOOK
999 _c241993
_d241993